Premier League 2020-21 First XI - Statistics

General Stats
  • This quiz has been taken 1,144 times
  • The average score is 110 of 220
Answer Stats
Team Player % Correct
Arsenal Bernd Leno
93%
Arsenal Pierre-Emerick Aubameyang
91%
Tottenham Hotspur Dele Alli
90%
Liverpool Alisson
89%
Arsenal Granit Xhaka
88%
Liverpool Mohamed Salah
88%
Liverpool Sadio Mané
88%
Liverpool Virgil van Dijk
88%
Liverpool Andrew Robertson
86%
Manchester City Ederson
86%
Manchester City Kevin De Bruyne
86%
Liverpool Roberto Firmino
86%
Liverpool Trent Alexander-Arnold
86%
Arsenal Alexandre Lacazette
85%
Liverpool Jordan Henderson
85%
Tottenham Hotspur Son Heung-min
85%
Manchester United David De Gea
84%
Arsenal Gabriel
84%
Manchester City Gabriel Jesus
84%
Manchester City John Stones
84%
Manchester City Kyle Walker
84%
Southampton Kyle Walker-Peters
84%
Tottenham Hotspur Harry Kane
83%
Tottenham Hotspur Hugo Lloris
83%
Everton James Rodríguez
83%
Liverpool Joe Gomez
83%
Arsenal Kieran Tierney
83%
Manchester United Bruno Fernandes
82%
Liverpool Georginio Wijnaldum
82%
Manchester City Raheem Sterling
82%
Manchester City Rodri
82%
Aston Villa Emiliano Martínez
81%
Chelsea Kepa Arrizabalaga
81%
Manchester United Marcus Rashford
81%
Liverpool Naby Keita
81%
Everton Jordan Pickford
80%
Arsenal Mohamed Elneny
80%
Chelsea Reece James
80%
Chelsea Timo Werner
80%
Manchester United Victor Lindelöf
80%
Manchester United Anthony Martial
79%
Manchester United Daniel James
79%
Manchester City Fernandinho
79%
Chelsea Kai Havertz
79%
Manchester City Nathan Aké
79%
Manchester United Harry Maguire
78%
Chelsea Jorginho
78%
Chelsea N'Golo Kanté
78%
Manchester United Scott McTominay
78%
Manchester City Benjamin Mendy
77%
Leicester City Nampalys Mendy
77%
Manchester United Paul Pogba
77%
Manchester City Phil Foden
77%
Leicester City Jamie Vardy
76%
Manchester United Luke Shaw
76%
Chelsea Mason Mount
76%
Chelsea Andreas Christensen
75%
Leicester City Kasper Schmeichel
74%
Everton Richarlison
72%
Burnley Nick Pope
70%
Tottenham Hotspur Toby Alderweireld
70%
Crystal Palace Wilfried Zaha
70%
Tottenham Hotspur Pierre-Emile Højbjerg
69%
Aston Villa Douglas Luiz
68%
Tottenham Hotspur Lucas Moura
67%
Chelsea Marcos Alonso
67%
Everton Dominic Calvert-Lewin
66%
Aston Villa Ollie Watkins
66%
Chelsea Kurt Zouma
65%
West Ham United Łukasz Fabiański
65%
Wolverhampton Wanderers Raúl Jiménez
65%
Everton Yerry Mina
65%
Leicester City Youri Tielemans
65%
Everton Lucas Digne
64%
Wolverhampton Wanderers Rui Patrício
64%
Everton Séamus Coleman
64%
Aston Villa Tyrone Mings
64%
Tottenham Hotspur Eric Dier
63%
Brighton & Hove Albion Mathew Ryan
63%
Aston Villa John McGinn
62%
Crystal Palace Jordan Ayew
62%
West Ham United Tomáš Souček
62%
Leicester City Çağlar Söyüncü
61%
Everton André Gomes
60%
Tottenham Hotspur Ben Davies
60%
Aston Villa Jack Grealish
60%
Southampton James Ward-Prowse
60%
Burnley Chris Wood
58%
Brighton & Hove Albion Leandro Trossard
58%
Arsenal Rob Holding
58%
Arsenal Willian
58%
Brighton & Hove Albion Ben White
57%
Southampton Danny Ings
57%
Tottenham Hotspur Matt Doherty
57%
Tottenham Hotspur Harry Winks
56%
Crystal Palace Joel Ward
56%
Brighton & Hove Albion Neal Maupay
56%
Everton Allan
55%
Newcastle United Callum Wilson
55%
Aston Villa Matty Cash
55%
Everton Michael Keane
55%
West Ham United Michail Antonio
55%
Crystal Palace Vicente Guaita
55%
West Ham United Declan Rice
54%
Aston Villa Ezri Konsa
54%
Leicester City Harvey Barnes
54%
Wolverhampton Wanderers João Moutinho
54%
Leeds United Patrick Bamford
54%
Leicester City Wilfred Ndidi
54%
Leeds United Illan Meslier
53%
Brighton & Hove Albion Lewis Dunk
53%
Leicester City Timothy Castagne
53%
Aston Villa Trézéguet
53%
West Ham United Angelo Ogbonna
51%
Southampton Jan Bednarek
51%
Arsenal Héctor Bellerín
50%
Newcastle United Allan Saint-Maximin
49%
Everton Abdoulaye Doucouré
48%
Wolverhampton Wanderers Leander Dendoncker
47%
Wolverhampton Wanderers Pedro Neto
47%
West Ham United Pablo Fornals
46%
Wolverhampton Wanderers Conor Coady
45%
Wolverhampton Wanderers Romain Saïss
45%
West Ham United Aaron Cresswell
43%
Sheffield United Aaron Ramsdale
43%
Brighton & Hove Albion Yves Bissouma
43%
Crystal Palace Cheikhou Kouyaté
42%
Southampton Alex McCarthy
41%
Southampton Ché Adams
41%
Crystal Palace James McCarthy
41%
West Ham United Jarrod Bowen
41%
Leeds United Robin Koch
41%
Burnley Jay Rodriguez
40%
Burnley Kevin Long
40%
Aston Villa Matt Targett
40%
Southampton Oriol Romeu
39%
Wolverhampton Wanderers Adama Traoré
38%
Leicester City Ayoze Pérez
37%
Wolverhampton Wanderers Willy Boly
36%
West Bromwich Albion Callum Robinson
35%
Leeds United Luke Ayling
35%
Newcastle United Federico Fernández
34%
West Ham United Issa Diop
34%
Leicester City James Justin
34%
Crystal Palace James McArthur
34%
Crystal Palace Jeffrey Schlupp
34%
Leeds United Kalvin Phillips
34%
Leeds United Mateusz Klich
34%
Fulham Tim Ream
34%
Newcastle United Jamaal Lascelles
33%
West Bromwich Albion Matheus Pereira
33%
West Bromwich Albion Sam Johnstone
33%
Wolverhampton Wanderers Daniel Podence
32%
Newcastle United Javier Manquillo
32%
West Ham United Mark Noble
32%
Crystal Palace Tyrick Mitchell
32%
Brighton & Hove Albion Adam Webster
31%
Arsenal Ainsley Maitland-Niles
31%
Sheffield United Oli McBurnie
31%
Leicester City Dennis Praet
30%
Burnley Dwight McNeil
30%
Newcastle United Jonjo Shelvey
30%
Newcastle United Karl Darlow
30%
Brighton & Hove Albion Solly March
30%
Leeds United Jack Harrison
29%
Manchester United Timothy Fosu-Mensah
29%
Brighton & Hove Albion Adam Lallana
28%
Brighton & Hove Albion Tariq Lamptey
28%
Fulham Tom Cairney
28%
Fulham Marek Rodák
27%
Leeds United Pascal Struijk
26%
Sheffield United John Egan
24%
Southampton Ryan Bertrand
24%
Leeds United Stuart Dallas
24%
Fulham Denis Odoi
23%
Leeds United Hélder Costa
23%
Chelsea Ruben Loftus-Cheek
22%
Crystal Palace Andros Townsend
21%
Burnley Ashley Westwood
21%
Burnley Charlie Taylor
21%
Newcastle United Jeff Hendrick
21%
Aston Villa Conor Hourihane
20%
Fulham Harrison Reed
20%
Southampton Jack Stephens
20%
Southampton Nathan Redmond
20%
Leeds United Pablo Hernandez
20%
West Ham United Ryan Fredericks
18%
Crystal Palace Scott Dann
18%
Fulham Aboubakar Kamara
17%
Newcastle United Andy Carroll
17%
Sheffield United Billy Sharp
17%
Sheffield United George Baldock
17%
Sheffield United John Lundstram
17%
Fulham Ivan Cavaleiro
16%
Sheffield United John Fleck
16%
Burnley Josh Brownhill
16%
West Bromwich Albion Semi Ajayi
16%
Brighton & Hove Albion Steven Alzate
16%
Newcastle United Jamal Lewis
15%
Sheffield United Oliver Norwood
15%
Sheffield United Chris Basham
14%
West Bromwich Albion Dara O'Shea
14%
Sheffield United Enda Stevens
14%
Newcastle United Isaac Hayden
13%
West Bromwich Albion Kieran Gibbs
13%
Wolverhampton Wanderers Marçal
13%
Fulham Neeskens Kebano
13%
Burnley Phil Bardsley
13%
Sheffield United Jack O'Connell
11%
Fulham Michael Hector
11%
West Bromwich Albion Jake Livermore
10%
Fulham Joe Bryan
10%
Burnley Robbie Brady
10%
West Bromwich Albion Romaine Sawyers
10%
West Bromwich Albion Grady Diangana
8%
Southampton Will Smallbone
8%
West Bromwich Albion Darnell Furlong
7%
Burnley Jimmy Dunne
7%
West Bromwich Albion Kyle Bartley
7%
Fulham Josh Onomah
4%
No matching quizzes found
Score Distribution
Percent of People with Each Score
Percentile by Number Answered
Your Score History
You have not taken this quiz